000 01111cad a22002055a 4500
001 L156200
008 120503e20120430xxk 000 0 eng d
035 _a(Sirsi) u156200
041 0 _aeng
110 2 _aUnited Kingdom
_bDepartment for Communities and Local Government
_94939
245 0 0 _aNational taskforce to end the problem of beds in sheds
_h[electronic resource]
260 _c2012
490 _aDCLG News Release
_v30 April 2012
520 _aA national task force headed by Housing Minister Grant Shapps and Immigration Minister Damien Green with representatives from the police, UK Border Agency and representatives from local government has been set up to tackle the issue of sheds and outbuildings being illegally let out to migrants, many of whom have entered the UK illegally. Referred to as the beds in sheds problem.
590 _aKA NTK
651 4 _aUNITED KINGDOM
690 _aResidential property
_96266
856 4 0 _uhttp://web.archive.org/web/20120603110821/https://www.communities.gov.uk/news/corporate/2137355
_zArchived press release available from web.archive
942 _n0
_2ddc
999 _c83965
_d83965